000 00552nam a2200145Ia 4500
041 _aArabic
082 _a332,7 cut-962 ف
100 _a20260118u\\\\\\\\\\\y0engy0103\\\\ba
100 _aا.د.حسين توفيق فيض الله
245 0 _aالشامل في الافلاس الكتاب الثالث اعادة تاهيل المصارف وافلاسها والافلاس الدولي دراسة مقارنة
250 _aط1
260 _bمنشورات زين الحقوقية
_aبيروت - لبنان
_c2022
300 _a712
942 _cBk
999 _c188741
_d188741